Word Ladder: Math Stuff Quiz Stats

 Plays Quiz Updated May 22, 2018

Also try: Word Ladder: Trees
Challenge
Share
Tweet
Embed
Score 0/33 Timer 03:00
0 Plays Today
Clue 3-Letter Word % Correct
Basic math operation; to put together◎ ADD ◎
98.7%
Cartoon: Ed, ___ n EddyEDD
95.3%
ConclusionEND
94.8%
Point or direct a weaponAIM
90.4%
Help, assistAID
90.3%
Logical operator for conjunction◎ AND ◎
89.9%
Popular pet that barksDOG
89.4%
UncookedRAW
85.8%
The current momentNOW
82.1%
The result from using addition◎ SUM ◎
81%
Closest star to earthSUN
79.4%
A horizontal set of numbers in a matrix◎ ROW ◎
76.1%
Opposite of proCON
75.8%
To speakSAY
75.7%
Short form of a trigonometric function◎ SIN ◎
74.7%
Supported yourself on a chairSAT
73.9%
Green eggs and ham converterSAM
73.5%
Clue 3-Letter Word % Correct
A line with a start point but no end point.◎ RAY ◎
72.9%
Part of the circumference of a circle◎ ARC ◎
71.8%
Be able to do somethingCAN
71.8%
A silvery-white metalTIN
70.8%
Any one of the two lines that form an angle◎ ARM ◎
69.8%
Short form of a trigonometric function◎ TAN ◎
68.6%
A cereal plantOAT
67%
Allow, not prevent or forbidLET
65.2%
A collection of distinct objects◎ SET ◎
64.5%
A race that exists in Lord of the RingsORC
62.6%
Inverse of an exponential (short form)◎ LOG ◎
61.9%
Short form of a trigonometric function◎ COS ◎
60.9%
Non-hypotenuse side of a right triangle◎ LEG ◎
57.2%
Remainder of food from a mealORT
53.3%
Logical operator for negation◎ NOT ◎
47.3%
This 'product' is applied to two vectors◎ DOT ◎
45.2%

Today's Daily Dose

You're not logged in!

Compare scores with friends on all Sporcle quizzes.
OR
Log In

You Might Also Like...

Show Comments

Extras

Top Quizzes Today


Score Distribution

Your Account Isn't Verified!

In order to create a playlist on Sporcle, you need to verify the email address you used during registration. Go to your Sporcle Settings to finish the process.

Report this User

Report this user for behavior that violates our Community Guidelines.

Details: